000 00309nam a2200121Ia 4500
008 220204s9999 xx 000 0 und d
082 _a632.51(540):016
_bGUP
100 _aGUPTA, R K
245 0 _aBibliography of Indian weeds
260 _aDelhi
_bAssociated Pub
_c1983
700 _aMITTAL, R K
942 _cBK
999 _c38345
_d38345